Commerce: Its Theory and Practice (Record no. 2999)

MARC details
005 - DATE AND TIME OF LATEST TRANSACTION
control field 20250602105314.0
020 ## - INTERNATIONAL STANDARD BOOK NUMBER
International Standard Book Number 0 304 30404 2
100 ## - MAIN ENTRY--PERSONAL NAME
Author name THOMAS, S.E
245 ## - TITLE STATEMENT
Title Commerce: Its Theory and Practice
250 ## - EDITION STATEMENT
Edition statement 11th Ed.
260 ## - PUBLICATION, DISTRIBUTION, ETC.
Place of publication, distribution, etc. London
Name of publisher, distributor, etc. Cassell Publishers Ltd.
Date of publication, distribution, etc. 1979
300 ## - PHYSICAL DESCRIPTION
Extent viii, 551p.: ill; figures, tables.
Other physical details Index,
Dimensions 20.6 cm
700 ## - ADDED ENTRY--PERSONAL NAME
Other authors/Editors CURZON, L.B
942 ## - ADDED ENTRY ELEMENTS (KOHA)
Source of classification or shelving scheme Dewey Decimal Classification
Koha item type Books
Holdings
Date last seen Total checkouts Full call number Barcode Cost, replacement price Price effective from Koha item type Lost status Source of classification or shelving scheme Damaged status Not for loan Withdrawn status Home library Current library Shelving location Date acquired Source of acquisition Cost, normal purchase price
06/02/2025   380 THO MBY00091 105000.00 06/02/2025 Books   Dewey Decimal Classification       CBE MBEYA CBE MBEYA Special Reserve Collection 08/12/2016 PURCHASE 35000.00